| 000 | 00000nam##2200000za#4500 |
| 001 | 9.616779 |
| 003 | CaOODSP |
| 005 | 20210615101755 |
| 007 | ta |
| 008 | 150406|2004||||xxc||||| f|0| 0 eng|d |
| 040 | |aCaOODSP|beng |
| 043 | |an-cn--- |
| 086 | 1 |aNH18-22/104-101E |
| 110 | 2 |aCanada Mortgage and Housing Corporation. |
| 245 | 10|aResidential combustion spillage monitoring |
| 260 | |bCanada Mortgage and Housing Corporation |c2004. |
| 300 | |a[3]p. : |btable ; |c28 cm. |
| 490 | 1 |aResearch highlight. Technical series |v04-101 |
| 520 | 3 |aThese technical papers summarize a wide range of housing-related studies, reports, and manuals. They examine issues as diverse as low-maintenance northern landscaping; policy options for achieving healthy indoor air quality; and various aspects of building performance, including high-rise building envelope performance, performance of various building materials, and evaluations of district heating systems. |
| 563 | |aPamphlet |
| 590 | |a04-11|b2004-03-12 |
| 690 | 07|aHousing|2gcpds |
| 775 | 08|tContrôle des émanations de combustion dans les bâtiments résidentiels |w(CaOODSP)9.626513 |
| 776 | 0#|tResidential combustion spillage monitoring |w(CaOODSP)9.581146 |
| 830 | #0|aResearch highlight. Technical series ;|v04-101|w(CaOODSP)9.514826 |